000 01256nam a22002417a 4500
003 DO-SdBNP
005 20240726110120.0
008 210318b2002 dr || 00| 0 spa d
020 _a9993433403
040 _aBPMSU
_bspa
_cBPMSU
082 4 _a956.94
_bF825i 2002
_222
100 1 _aFranco Pichardo, Franklin,
245 1 0 _aIsrael y Palestina :
_bpasado, presente y futuro/
_cFranklin Franco Pichardo.
260 _aSanto Domingo :
_bLibrería La Trinitaria,
_c2002.
300 _a87 p. :
_bil. ;
_c21 cm.
505 _tIntroducción --
_tConflicto entre judíos y árabes tiene más de 3 mil años --
_tDavid conquistó Jerusalén --
_tCristo fue acusado de agitador por secta judía --
_tJudío controlaron comercio y finanzas de Europa --
_tJudíos ocupan palestina con apoyo de Inglaterra --
_tSantana , Báez y Trujillo protegieron a los judíos --
_tComerciantes dominicanos repudiaron a los árabes y palestinos --
_t Estado Israel ocupa con fuerzas militares toda Palestina. --
_tCronología de los últimos acontecimientos.
590 _aInventariado, 2024/VM
650 4 _aJudíos
_xCondiciones políticas y sociales
651 4 _aIsrael
_xHistoria
651 4 _aPalestina
_xHistoria
910 _aVMateo V. Control de calidad. BPMSU
942 _2ddc
_cBK
999 _c13404
_d13404